000 01058nam a22002774aa4500
003 BOFEUTO
005 20260512151032.0
008 260504t2025 bo gr 000 f spa d
040 _6BOFEUTO
_aBOFEUTO
_cBOFEUTO
041 _aspa
044 _abo
082 _aTE6298
_bL925p
100 _aLoza Alonzo, Fabio Iver
_eautor
245 _aPlan de mejora continua con la metodología seis sigma aplicada al servicio de recolección de residuos sólidos en E. M.A.O. /
_c Fabio Iver Loza Alonzo, César Choque García
260 _aOruro :
_bs/n,
_c2025.
300 _a164 hojas ;
_bgráf. ilus. ;
_c28.5 cm.
500 _aIncluye bibliografía, anexos.
502 _aTesis Dirigida, (Licenciatura) -- Universidad Técnica de Oruro, Facultad de Ciencias Económicas, Financieras y Administrativas, Carrera Administración de Empresas, 2025.
650 _aAdministración
653 _aResiduos Sólidos
653 _aPlanificación
653 _aSeis Sigma
653 _aProcesos
700 _aChoque García, César
_etutor
942 _2ddc
_cTE
_n0
999 _c16153
_d16153